000 00240nam a22000857a 4500
008 161207b xxu||||| |||| 00| 0 eng d
100 _91932
_aNavdeep publication
245 _aTreasure of Knowledge
260 _aNew delhi
_bNavdeep publication
_c2006
999 _c4700
_d4700